| 000 | 00607nam a2200229Ia 4500 | ||
|---|---|---|---|
| 005 | 20230306141603.0 | ||
| 008 | 230125s9999 xx 000 0 und d | ||
| 020 | _a978-81-7708-423-8 | ||
| 041 | _aeng | ||
| 082 |
_a658.312 44 _bDAS |
||
| 100 |
_aDas K _9114451 |
||
| 245 | _aWomen Empowerment And Socio - Economic Development | ||
| 260 |
_c2016 _bNew Century Publications. _aNew Delhi |
||
| 300 |
_a170p _cPaper Back |
||
| 440 | _v1 | ||
| 500 | _aHRM;Empowerment | ||
| 650 | _aHuman Resource Management. | ||
| 700 |
_aDas K _9114451 |
||
| 906 | _b27 | ||
| 942 | _cBK | ||
| 999 |
_c96034 _d96034 |
||